• 首页
  • 本馆介绍
  • 公告通知
  • 最新文献
  • 馆藏检索
  • 电子资源
  • 读者导购
  • 参考咨询
  • 我的图书馆
  • 登录
  • 详细信息显示
  • 放入我的书架
  • 预约/预借图书
  • 作者相关作品
  • 分类相关作品
  • 丛书相关作品
  • 出版社相关作品

书目信息

  • 表格格式
  • 工作单格式
  • 卡片格式
题名:
食品工厂机械装备
    
 
作者: 方祖成 , 李冬生 , 汪超 主编
分册:  
出版信息: 北京   中国质检出版社  2017
页数: 704页
开本: 26cm
丛书名:
单 册:
中图分类: TS208
科图分类:
主题词: 食品厂--机械设备
电子资源:
ISBN: 978-7-5026-4379-9
000 00904nam0 2200253 450
001 2370412648
005 20231129193347.09
010    @a978-7-5026-4379-9@dCNY86.00
100    @a20181129d2017 em y0chiy50 ea
101 0  @achi
102    @aCN@b110000
105    @aa z 000yy
200 1  @a食品工厂机械装备@Ashi pin gong chang ji xie zhuang bei@f方祖成,李冬生,汪超主编
210    @a北京@c中国质检出版社@c中国标准出版社@d2017
215    @a704页@c图@d26cm
300    @a“十三五”普通高等教育规划教材
330    @a本书分食品通用设备、食品包装机械、食品辅助设备与生产线三篇。书中的基础资料来源于企业,基本展现了我国包装和食品机械装备制造业的实际情况和优势产品。
606 0  @a食品厂@x机械设备
690    @aTS208@v5
701  0 @a方祖成@Afang zu cheng@4主编
701  0 @a李冬生@Ali dong sheng@4主编
701  0 @a汪超@Awang chao@4主编
801  0 @aCN@b山东中教@c20231126
905    @aBZT@dTS208@e2
    
    食品工厂机械装备/方祖成,李冬生,汪超主编.-北京:中国质检出版社:中国标准出版社,2017
    704页:图;26cm
    “十三五”普通高等教育规划教材
    
    ISBN 978-7-5026-4379-9:CNY86.00
    本书分食品通用设备、食品包装机械、食品辅助设备与生产线三篇。书中的基础资料来源于企业,基本展现了我国包装和食品机械装备制造业的实际情况和优势产品。
●
相关链接 在五车中查询图书 在当当中查询图书 在豆瓣中查询图书


正题名:食品工厂机械装备     索取号:TS208/2         预约/预借

序号 登录号 条形码 馆藏地/架位号 状态 备注
1 2001149386   2001149386   中教(第二批第二书库)/山东中教(第二书库)/2630/ [索取号:TS208/2] 在馆    
2 2001149387   2001149387   中教(第二批第二书库)/山东中教(第二书库)/2630/ [索取号:TS208/2] 在馆    
3 2001149388   2001149388   中教(第二批第二书库)/山东中教(第二书库)/2630/ [索取号:TS208/2] 在馆    
4 2001149389   2001149389   中教(第二批第二书库)/山东中教(第二书库)/2630/ [索取号:TS208/2] 在馆    
5 2001149390   2001149390   中教(第二批第二书库)/山东中教(第二书库)/2630/ [索取号:TS208/2] 在馆    
6 2001149391   2001149391   中教(第二批第二书库)/山东中教(第二书库)/2630/ [索取号:TS208/2] 在馆    
7 2001149392   2001149392   中教(第二批第二书库)/山东中教(第二书库)/2630/ [索取号:TS208/2] 在馆    
8 2001149393   2001149393   中教(第二批第二书库)/山东中教(第二书库)/2630/ [索取号:TS208/2] 在馆    
9 2001149394   2001149394   中教(第二批第二书库)/山东中教(第二书库)/2630/ [索取号:TS208/2] 在馆    
10 2001149395   2001149395   中教(第二批第二书库)/山东中教(第二书库)/2630/ [索取号:TS208/2] 在馆    
11 2001149396   2001149396   中教(第二批第二书库)/山东中教(第二书库)/2630/ [索取号:TS208/2] 在馆    
12 2001149397   2001149397   中教(第二批第二书库)/山东中教(第二书库)/2630/ [索取号:TS208/2] 在馆    
13 2001149398   2001149398   中教(第二批第二书库)/山东中教(第二书库)/2630/ [索取号:TS208/2] 在馆    
14 2001149399   2001149399   中教(第二批第二书库)/山东中教(第二书库)/2630/ [索取号:TS208/2] 在馆    
15 2001149400   2001149400   中教(第二批第二书库)/山东中教(第二书库)/2630/ [索取号:TS208/2] 在馆    
16 2001149401   2001149401   中教(第二批第二书库)/山东中教(第二书库)/2630/ [索取号:TS208/2] 在馆    
17 2001149402   2001149402   中教(第二批第二书库)/山东中教(第二书库)/2630/ [索取号:TS208/2] 在馆    
18 2001149403   2001149403   中教(第二批第二书库)/山东中教(第二书库)/2630/ [索取号:TS208/2] 在馆    
山东省滨州职业学院图书馆 欢迎您!
大连网信软件有限公司© 版权所有